Analysis of linear systems (Record no. 4150)

000 -LEADER
fixed length control field 00506nam a22001931 4500
001 - CONTROL NUMBER
control field 4150
003 - CONTROL NUMBER IDENTIFIER
control field BD-DhUET
008 - FIXED-LENGTH DATA ELEMENTS--GENERAL INFORMATION
fixed length control field 790416s1959 maua 000 0 eng
040 ## - CATALOGING SOURCE
Original cataloging agency DLC
Transcribing agency DLC
Modifying agency BD-DhUET
082 ## - DEWEY DECIMAL CLASSIFICATION NUMBER
Classification number 629.83
Item number CHE/1959
100 1# - MAIN ENTRY--PERSONAL NAME
Personal name Cheng, David K.
245 00 - TITLE STATEMENT
Title Analysis of linear systems
250 ## - EDITION STATEMENT
Edition statement 1st ed.
260 ## - PUBLICATION, DISTRIBUTION, ETC. (IMPRINT)
Place of publication, distribution, etc. London
Name of publisher, distributor, etc. Addison-Wesley Publishing
Date of publication, distribution, etc. 1959
300 ## - PHYSICAL DESCRIPTION
Extent 431 p.
490 0# - SERIES STATEMENT
Series statement Addison-Wesley series in electrical engineering
650 #0 - SUBJECT ADDED ENTRY--TOPICAL TERM
Topical term or geographic name as entry element Linear Systems
942 ## - ADDED ENTRY ELEMENTS (KOHA)
Koha item type General Book
Holdings
Koha normalized classification for sorting Koha item type Source of classification or shelving scheme Koha date last seen Damaged status Location (home branch) Shelving location Koha full call number Withdrawn status Sublocation or collection (holding branch) Date acquired Not for loan Price effective from Copy number Piece designation (barcode) Lost status
629_000000000000000_83CHE1959General Book 2014-11-13 Central Library, BUETCirculation section629.83/CHE/1959 Central Library, BUET2014-11-13 2014-11-13178368 
629_000000000000000_83CHE1959General Book 2014-11-13 Central Library, BUETCirculation section629.83/CHE/1959 Central Library, BUET2014-11-13 2014-11-13278370 
629_000000000000000_83CHE1959General Book 2014-11-13 Central Library, BUETCirculation section629.83/CHE/1959 Central Library, BUET2014-11-13 2014-11-13378369 
629_000000000000000_83CHE1959General Book 2014-11-17 Central Library, BUETCirculation section629.83/CHE/1959 Central Library, BUET2014-11-17 2014-11-1748330 
629_000000000000000_83CHE1959General Book 2014-11-17 Central Library, BUETCirculation section629.83/CHE/1959 Central Library, BUET2014-11-17 2014-11-17524901 
629_000000000000000_83CHE1959General Book 2017-08-28 Central Library, BUETCirculation section629.83/CHE/1959 Central Library, BUET2014-11-18 2014-11-18612682 
629_830000000000000_CHE_1959Reading Item 2015-06-20 Central Library, BUETReading section629.83/CHE/1959 Central Library, BUET2015-06-20 2015-06-20724899 
629_830000000000000_CHE_1959Reading Item 2019-09-07 Central Library, BUETReading section629.83/CHE/1959 Central Library, BUET2015-06-30 2015-06-30812690 
629_830000000000000_CHE_1959Reading Item 2015-06-30 Central Library, BUETReading section629.83/CHE/1959 Central Library, BUET2015-06-30 2015-06-3098327 
629_830000000000000_CHE_1959Reading Item 2015-06-30 Central Library, BUETReading section629.83/CHE/1959 Central Library, BUET2015-06-30 2015-06-30108331 
629_830000000000000_CHE_1959Reading Item 2015-07-04 Central Library, BUETReading section629.83/CHE/1959 Central Library, BUET2015-07-04 2015-07-04118328 
629_830000000000000_CHE_1959General Book 2018-05-12 Central Library, BUETCirculation section629.83/CHE/1959 Central Library, BUET1973-10-04 2018-05-121232058